00659nam a22001817a 4500008004100000020001800041040005500059080002000114245006100134260004100195300001500236650001200251653001400263700002700277942001200304999001700316952014400333230619b |||||||| |||| 00| 0 eng d a0-908603-10-X aNational Science LibrarycNational Science Library aR 575(081) bM2 aCharles Darwin. 1809-1882: bA centennial commemorative  aNew Zealand: bNova Pacifica, c1982 axii, 376p. aScience aScientist aChapman, Roger G (Ed.) 2udccBK c44885d44885 00102udc406R_575081_M270968008aNSLbNSLcGF/Rk-14/C-15/R-3d1983-09-09l0oR 575(081) M2p103425r2023-06-19 00:00:00w1983-09-09yBK